000 00470nam a2200181Ia 4500
008 230711s9999||||xx |||||||||||||| ||und||
020 _a978-93259-8421-9
041 _aENG
082 _a621.106
_bMA-F
100 _aMandal,D K
245 0 _aFluid Mechanics and Hydraulic Machines
250 _a1st Ed.
260 _c2015
_aNew Delhi
_bVikas Publishing House Pvt Ltd.
300 _a441p.
650 _aMechanical Engineering
700 _aChakraborti,S
942 _cBK
999 _c6689
_d6689